000 00610nam a2200241Ia 4500
001 25982
005 20240114000905.0
007 ta
008 060503s1906 g b000 u 465 u
040 _aCotton College,Assam
041 _a465
082 _a823.1
_bD 26 T
100 _aDasent, G.W. .
245 0 _aTales from the Norse /
_cG.W. Dasent.
_hTextual Documents
250 _a1st ed. /
260 _aLondon :
_bBlackie & Sons Ltd ,
_c1906.
300 _a223p. ;
_c17cm.
653 _aEnglish Novel
653 _aG-English
942 _2ddc
_cBK
999 _c25964
_d25964